| 000 | 00668nam a22002057a 4500 | ||
|---|---|---|---|
| 999 |
_c37310 _d37310 |
||
| 005 | 20221221104031.0 | ||
| 010 | _aENG-96613 ENG-135915 | ||
| 020 |
_a8185753989 _c120.00 |
||
| 035 | _aEN-80146 | ||
| 035 | _aEN-119447 | ||
| 037 | _bDBAD/PUB | ||
| 082 | _a883 | ||
| 100 | _aDattani, Mahesh | ||
| 245 |
_aFinal solutions : _cby Mahesh Dattani, edited by Angelie Multani _btext and criticism / |
||
| 260 |
_aNew Delhi _bPencraft International _c2009. |
||
| 270 |
_aB-1/41, Ashok Vihar II, _bNew Delhi _e110052 _k23277084 _mpencraft@nda.vsnl.net.in |
||
| 300 |
_a144p. ; _c21cm. (pbk) |
||
| 700 |
_aMultani,Angelie _9879 |
||
| 942 |
_2ddc _cEN _mDAT _h883 |
||